00697nam a2200181Ia 4500008004100000020001800041041000800059082001800067100002300085245007200108260002800180300000800208365001600216700002300232906005500255999001900310952018600329230718s9999 xx 000 0 und d a9780670919413 aeng a658.02'2bJOH aJohnson L.9107006 aStart It UpbWhy Running Your Own Business Is Easier Than You Think c2011bPortfolio Penguin a241 cRs.b499.00 aJohnson L.9107006 dO:0236522-Dec-2011B:1010929-Nov-2011cMGMTb124.75 c329458d329458 00104070aCCEPbCCEPd2011-12-22eTechnical Book ServicesfMGMTg374.25i10109l1o658.02'2pCCEP-BK-40665r2026-03-30 15:15:00s2026-03-18t124.75v499.00w2011-11-29yBKz040665